Ovladenije jazykom kak sociaľnyj aspekt integraciji. Primer ukrajinskich migrantov, živuščich v Slovakiji
Problematika integrácie migrantov, konkrétne osvojenie si jazyka rodnej spoločnosti. V prvej časti príspevok približuje teóriu osvojovania si jazyka ako kľúčový faktor integrácie. V druhej časti príspevok poukazuje na problematiku učenia sa slovenského jazyka ukrajinskými migrantmi. Snaha identifiko...
Na minha lista:
| Autor principal: | |
|---|---|
| Formato: | Capítulo de Livro |
| Idioma: | ucraniano |
| Assuntos: | |
| Tags: |
Sem tags, seja o primeiro a adicionar uma tag!
|
MARC
| LEADER | 00000naa$a2200000$$$4500 | ||
|---|---|---|---|
| 001 | 0306360 | ||
| 005 | 20250121120549.7 | ||
| 041 | 0 | |a ukr | |
| 044 | |a RO | ||
| 245 | 1 | 0 | |a Ovladenije jazykom kak sociaľnyj aspekt integraciji. Primer ukrajinskich migrantov, živuščich v Slovakiji |c Terézia Seresová |
| 520 | |a Problematika integrácie migrantov, konkrétne osvojenie si jazyka rodnej spoločnosti. V prvej časti príspevok približuje teóriu osvojovania si jazyka ako kľúčový faktor integrácie. V druhej časti príspevok poukazuje na problematiku učenia sa slovenského jazyka ukrajinskými migrantmi. Snaha identifikovať problematiku učenia sa jazyka pri integrácii ukrajinských migrantov na Slovensku. | ||
| 610 | 2 | 0 | |a integrácia |
| 610 | 2 | 0 | |a migrácia |
| 610 | 2 | 0 | |a jazyky cudzie |
| 610 | 2 | 0 | |a slovenčina |
| 610 | 2 | 0 | |a vzdelávanie |
| 100 | 1 | |a Seresová, Terézia, 1991- | |